[Event "Bremen-ch"]
[Site "Bremen"]
[Date "2019.04.15"]
[Round "4.10"]
[White "Stern, Philipp"]
[Black "Yavarpoor, Mohammad"]
[Result "1-0"]
[WhiteElo "1787"]
[BlackElo "1834"]
[PlyCount "75"]
[EventDate "2019.04.13"]
[EventType "swiss"]
[EventRounds "9"]
[EventCountry "GER"]
[SourceTitle "EXT 2020"]
[Source "ChessBase"]
[SourceDate "2019.10.17"]
[SourceVersion "1"]
[SourceVersionDate "2019.10.17"]
[SourceQuality "1"]

1. e4 e6 2. d4 d5 3. Nd2 Nf6 4. e5 Nfd7 5. Bd3 c5 6. c3 Nc6 7. Ne2 Qb6 8. Nf3 Be7 9. 0-0 f6 10. Nf4 Nd8 11. Nh4 g5 12. dxc5 Bxc5 13. Qh5+ Nf7 14. Nxd5 exd5 15. e6 Qxe6 16. Nf5 Kd8 17. Ng7 Qe7 18. b4 Nde5 19. Nf5 Bxf5 20. Bxf5 Bb6 21. Rd1 Kc7 22. Rxd5 Rad8 23. c4 Rxd5 24. cxd5 Nd6 25. Be6 Ng6 26. g3 Ne8 27. Qd1 Qxb4 28. Rb1 Qa5 29. Bd2 Bxf2+ 30. Kxf2 Qxa2 31. d6+ Nxd6 32. Bxa2 Rd8 33. Qc2+ Kb8 34. Bd5 Ne5 35. Qxh7 Rd7 36. Qg8+ Kc7 37. Ba5+ b6 38. Rc1+ 1-0

[Event "Bremen-ch op"]
[Site "Bremen"]
[Date "2018.03.29"]
[Round "7"]
[White "Stern, Philipp"]
[Black "Jung, Gerald"]
[Result "1/2-1/2"]
[WhiteElo "1733"]
[BlackElo "1919"]
[PlyCount "27"]
[EventDate "2018.03.24"]
[EventType "swiss"]
[EventRounds "9"]
[EventCountry "GER"]
[SourceTitle "EXT 2019"]
[Source "ChessBase"]
[SourceDate "2018.10.10"]
[SourceVersion "1"]
[SourceVersionDate "2018.10.10"]
[SourceQuality "1"]

1. e4 c5 2. Nf3 d6 3. d4 cxd4 4. Nxd4 Nf6 5. Nc3 a6 6. Bg5 e6 7. f4 Be7 8. Qf3 Qc7 9. 0-0-0 Nbd7 10. g4 b5 11. Bxf6 gxf6 12. a3 Bb7 13. Be2 0-0-0 14. Kb1 1/2-1/2

[Event "Bremen-ch op"]
[Site "Bremen"]
[Date "2018.03.27"]
[Round "5"]
[White "Stern, Philipp"]
[Black "Norbach, Alexander"]
[Result "0-1"]
[WhiteElo "1733"]
[BlackElo "1957"]
[PlyCount "38"]
[EventDate "2018.03.24"]
[EventType "swiss"]
[EventRounds "9"]
[EventCountry "GER"]
[SourceTitle "EXT 2019"]
[Source "ChessBase"]
[SourceDate "2018.10.10"]
[SourceVersion "1"]
[SourceVersionDate "2018.10.10"]
[SourceQuality "1"]

1. e4 g6 2. d4 Bg7 3. Nc3 d6 4. f4 Nf6 5. Nf3 0-0 6. Bd3 Nbd7 7. e5 Ne8 8. Qe2 c5 9. d5 Nb6 10. Be4 e6 11. Be3 f5 12. exf6 Nxf6 13. dxe6 Bxe6 14. Ng5 Nxe4 15. Nxe6 Bxc3+ 16. bxc3 Qf6 17. Qg4 Qxc3+ 18. Ke2 Nc4 19. Qh3 Nxe3 0-1

[Event "Bremen-ch op"]
[Site "Bremen"]
[Date "2015.04.03"]
[Round "8"]
[White "Norbach, Alexander"]
[Black "Stern, Philipp"]
[Result "1/2-1/2"]
[WhiteElo "1928"]
[BlackElo "1620"]
[PlyCount "40"]
[EventDate "2015.03.28"]
[EventType "swiss"]
[EventRounds "9"]
[EventCountry "GER"]
[SourceTitle "EXT 2018"]
[Source "ChessBase"]
[SourceDate "2017.10.13"]
[SourceVersion "1"]
[SourceVersionDate "2017.10.13"]
[SourceQuality "1"]

1. d4 d5 2. c4 c6 3. Nc3 Nf6 4. Nf3 e6 5. Bg5 h6 6. Bh4 dxc4 7. e4 g5 8. Bg3 b5 9. Ne5 Bb7 10. h4 Bg7 11. hxg5 hxg5 12. Rxh8+ Bxh8 13. Nxf7 Kxf7 14. e5 Nd5 15. Qh5+ Kg7 16. Qg4 Nxc3 17. bxc3 Qa5 18. Kd2 Qa3 19. Rc1 Na6 20. Qxg5+ Kf8 1/2-1/2

[Event "Bremen-ch op"]
[Site "Bremen"]
[Date "2015.04.02"]
[Round "7"]
[White "Stern, Philipp"]
[Black "Zhong, Xianghui"]
[Result "1-0"]
[WhiteElo "1620"]
[BlackElo "1817"]
[PlyCount "29"]
[EventDate "2015.03.28"]
[EventType "swiss"]
[EventRounds "9"]
[EventCountry "GER"]
[SourceTitle "EXT 2018"]
[Source "ChessBase"]
[SourceDate "2017.10.13"]
[SourceVersion "1"]
[SourceVersionDate "2017.10.13"]
[SourceQuality "1"]

1. e4 c5 2. Nf3 d6 3. d4 cxd4 4. Nxd4 Nf6 5. Nc3 g6 6. Bc4 Bg7 7. Be3 Ng4 8. Bb5+ Kf8 9. Qd2 Nxe3 10. fxe3 Nd7 11. Rf1 Ne5 12. 0-0-0 a6 13. Ba4 b5 14. Bb3 Bb7 15. Ne6+ 1-0